Statystyki dla Państwa z największą ilością wysp

Kliknij tutaj aby rozwiązać quiz!

Ogólne statystyki

  • Ten quiz został rozwiązany 181 razy
  • Średni wynik to 15 z 20

Statystyki odpowiedzi

#Państwo% Poprawnych
79Japonia
94%
305Stany Zjednoczone
94%
388Kanada
93%
251Indonezja
91%
201Rosja
91%
116Norwegia
90%
95Australia
88%
101Wielka Brytania
87%
62Chiny
85%
146Dania
82%
40Brazylia
81%
86Grecja
81%
78Francja
78%
157Chile
73%
41Finlandia
73%
37Meksyk
70%
87Filipiny
69%
48Korea Południowa
48%
52Papua-Nowa Gwinea
41%
43Wyspy Salomona
24%

Rozkład punktacji

Percentyl według liczby udzielonych odpowiedzi

Procent ludzi z każdym wynikiem

Twoja historia wyników

Nie rozwiązałeś tego quizu